000 00476ntaaa2200193 4500
003 01
005 20251027201440.0
008 0714s1973 ag 01
040 _aAR-BaBN
_bspa
_cAR-BaBN
_eaacr
_dRIC
082 _a226.2000 B66
100 _aBover, P. José M.
_913081
245 _aEvangelio de San Mateo
250 _a1 ed.
260 _aBarcelona :
_bEditorial Balmes,
_c1946
300 _axvi, 583 p.
650 _aBiblia-N.T.-Mateo
650 _aMateo
_94387
942 _cBK
999 _c8991
_d8991